Centros educativos rehabilitados-Remozados y los nuevos comedores Jornada Extendida (Record no. 8038)

MARC details
000 -LEADER
campo de control de longitud fija 00541nam a2200157Ia 4500
001 - NÚMERO DE CONTROL
campo de control 3059
008 - DATOS DE LONGITUD FIJA--INFORMACIÓN GENERAL
campo de control de longitud fija 241024s9999 xx 000 0 und d
082 ## - NÚMERO DE LA CLASIFICACIÓN DECIMAL DEWEY
Número de clasificación RD/624.7/R426c
100 ## - ENTRADA PRINCIPAL--NOMBRE DE PERSONA
Nombre de persona República Dominicana.Ministerio de Educación. Dirección General de Mantenimiento de Infraestructura Escolar (DGMIE)
245 #0 - MENCIÓN DEL TÍTULO
Título Centros educativos rehabilitados-Remozados y los nuevos comedores Jornada Extendida
260 ## - PUBLICACIÓN, DISTRIBUCIÓN, ETC.
Nombre del editor, distribuidor, etc. [*SIN EDITORIAL*]
Fecha de publicación, distribución, etc. 2013
500 ## - NOTA GENERAL
Nota general dos ejemplares
590 ## - NOTA LOCAL (RLIN)
Nota local si
901 ## - ELEMENTOS DE DATOS A LOCAL LDA (RLIN)
a 23/7/2013 12:47:09 p.m.

No items available.

© 2024. Todos los Derechos Reservados. Desarrollado por IDEICE